000
00306nam a2200109Ia 4500
008
201231s9999 xx 000 0 und d
100
_a
Chang,Richard Y.
245
0
_a
Success through teamwork: A practical guide to interpersonal team dynamics
260
_a
New Delhi
_b
Wheeler pub
300
_a
0
942
_c
BK
999
_c
9873
_d
9873